000 00343nam a22001577a 4500
003 SGT
020 _a9789332550131
082 _a621.3851,VAL
100 _aVALKENBURY,M.E.VAN
245 _aNETWORK ANALYSIS
250 _a3RD
260 _aCHENNAI
_bPEARSON
_c2016
300 _a571
650 _aELECTRICAL ENGINEERING
942 _2ddc
_cBK
999 _c18323
_d18323